Cawson's Essentials of Oral Pathology and Oral Medicine (Record no. 20890)

MARC details
000 -LEADER
fixed length control field 00387nam a22001577a 4500
003 - CONTROL NUMBER IDENTIFIER
control field SGT
020 ## - INTERNATIONAL STANDARD BOOK NUMBER
International Standard Book Number 9780702049811
082 ## - DEWEY DECIMAL CLASSIFICATION NUMBER
Classification number 617.0707
Item number C17O
100 ## - MAIN ENTRY--PERSONAL NAME
Personal name Odell Edward W
245 ## - TITLE STATEMENT
Title Cawson's Essentials of Oral Pathology and Oral Medicine
250 ## - EDITION STATEMENT
Edition statement 9TH
260 ## - PUBLICATION, DISTRIBUTION, ETC. (IMPRINT)
Place of publication, distribution, etc NEW DELHI
Name of publisher, distributor, etc Elsevier India
Year of Publication 2017
300 ## - PAGE DESCRIPTION
No. of Pages 1-545
650 ## - SUBJECT ADDED ENTRY--TOPICAL TERM
Topical term or geographic name as entry element Oral Pathology
942 ## - ADDED ENTRY ELEMENTS (KOHA)
Source of classification or shelving scheme Dewey Decimal Classification
Koha item type Books
942 ## - ADDED ENTRY ELEMENTS (KOHA)
-- 1
Holdings
Withdrawn status Lost status Source of classification or shelving scheme Damaged status Not for loan Home library Current library Shelving location Date acquired Vendor Name Cost, normal purchase price SGTU Bill Number Total Checkouts Full call number Accession No. (Barcode) Date last seen Date last borrowed Bill Date Koha item type Checked out
    Dewey Decimal Classification     SGT Dental Library SGT Dental Library Reference Book 04/03/2021 AHUJA BOOK COMPANY 2500.00 SGTU 12616 1 617.0707 C17O FD8242 26/03/2025 26/03/2025 27/01/2021 Books  
    Dewey Decimal Classification     SGT Dental Library SGT Dental Library Reference Book 04/03/2021 AHUJA BOOK COMPANY 2500.00 SGTU 12616 4 617.0707 C17O FD8243 26/05/2026 26/05/2026 27/01/2021 Books 09/06/2026